El estructuralismo
Na minha lista:
| Autor principal: | |
|---|---|
| Formato: | Livro |
| Idioma: | espanhol |
| Publicado em: |
Barcelona
Oikos-tau
1980
|
| Edição: | 2a. ed |
| Colecção: | Colección Mini tau, 12
|
| Assuntos: | |
| Tags: |
Adicionar Tag
Sem tags, seja o primeiro a adicionar uma tag!
|
MARC
| LEADER | 00000nam a2200000 a 4500 | ||
|---|---|---|---|
| 001 | UCW3972 | ||
| 003 | CL-VaPUC | ||
| 008 | 890623e19800000SP |||||||||||||||||spa|d | ||
| 082 | 0 | 4 | |a 149.9 |b PIA |2 21 |
| 100 | 0 | |a Piaget, Jean |e author |9 308149 | |
| 245 | 1 | 3 | |a El estructuralismo |
| 250 | |a 2a. ed | ||
| 300 | |a 166 p | ||
| 942 | |c BK | ||
| 945 | |d 19890623 00:00:00 | ||
| 260 | |a Barcelona |b Oikos-tau |c 1980 | ||
| 650 | 0 | |a Estructuralismo |9 265696 | |
| 583 | |a last modification |c 19890623 00:00:00 |k Rodrigo Vera | ||
| 490 | 0 | |a Colección Mini tau, 12 | |
| 999 | |c 217816 |d 217814 | ||
| 952 | |0 0 |1 0 |4 0 |6 149_900000000000000_PIA_1980 |7 0 |8 A |9 206340 |a BIBEDU |b BIBEDU |d 2019-11-15 |i 274127K |o 149.9 PIA 1980 |p 274127K |r 2019-11-15 |w 2019-11-15 |y BK |k FIL | ||
| 952 | |0 0 |1 0 |4 0 |6 149_900000000000000_PIA_1980 |7 0 |8 A |9 206341 |a BIBEDU |b BIBEDU |d 2019-11-15 |i 2741296 |o 149.9 PIA 1980 |p 2741296 |r 2019-11-15 |w 2019-11-15 |y BK |k EDU | ||
| 952 | |0 0 |1 0 |4 0 |6 149_900000000000000_PIA_1980 |7 0 |8 A |9 206342 |a FDOPOS |b FDOPOS |d 2019-11-15 |i 3691160 |o 149.9 PIA 1980 |p 3691160 |r 2025-01-22 |w 2019-11-15 |y BK |k MLA | ||